LEADER 00913cam--2200337---450- 001 990005926810203316 005 20140204123735.0 010 $a88-86635-38-9 035 $a000592681 035 $aUSA01000592681 035 $a(ALEPH)000592681USA01 035 $a000592681 100 $a20140204d2004----km-y0itay50------ba 101 0 $aita 102 $aIT 105 $aa---||||001yy 200 1 $aDocumentario fotografico$e1999-2009 210 $aSalerno$cMenabò$d2004 215 $a95 p.$cill.$d22 cm 410 0$12001 606 0 $aCeramica$yItalia$2BNCF 676 $a738.0922 801 0$aIT$bsalbc$gISBD 912 $a990005926810203316 951 $aXII.2.C. 2359$b243789 L.M.$cXII.2.C.$d00351960 959 $aBK 969 $aUMA 979 $aPASSARO$b90$c20140204$lUSA01$h1235 979 $aPASSARO$b90$c20140204$lUSA01$h1237 996 $aDocumentario fotografico$91073462 997 $aUNISA